000 00444pab a2200169 454500
008 180718b1987 xxu||||| |||| 00| 0 eng d
100 _aChary, M. Vadagira
245 _aOccupational structure and economic conditions of rural migration
260 _c1987
300 _a474-9
362 _aAug.
650 _aPopulation - Migration
700 _aK. Venkat Narayana
700 _aB. Sudhakar
773 _aKhadi Gramodyog
909 _a15526
999 _c15526
_d15526